Révolutions de l'Inde pendant le dix-huitième siècle, ou Mémoires de Typoo-Zaeb, sultan du Maissour / (Record no. 166314)

MARC details
000 -LEADER
campo de control de longitud fija 01215nam a22002415i 4500
001 - NÚMERO DE CONTROL
campo de control 166314
003 - IDENTIFICADOR DE NÚMERO DE CONTROL
campo de control ES-MaACL
005 - FECHA Y HORA DE LA ÚLTIMA TRANSACCIÓN
campo de control 20230906213314.0
008 - DATOS DE LONGITUD FIJA--INFORMACIÓN GENERAL
campo de control de longitud fija 890119s1796 fr |||| |afre d
040 ## - FUENTE DE CATALOGACIÓN
Centro catalogador/agencia de origen CAT
Lengua de catalogación spa
Centro/agencia transcriptor CAT
Centro/agencia modificador CCPB
043 ## - CÓDIGO DE ÁREA GEOGRÁFICA
Código de área geográfica a-ii
080 #4 - NÚMERO DE LA CLASIFICACIÓN DECIMAL UNIVERSAL
Número de la Clasificación Decimal Universal 954
100 0# - ENTRADA PRINCIPAL--NOMBRE DE PERSONA
Nombre de persona Tippu Sahib
Títulos y otros términos asociados al nombre Sultán de Mysore (
Fechas asociadas al nombre ca. 1749-1799)
9 (RLIN) 133261
245 10 - MENCIÓN DEL TÍTULO
Título Révolutions de l'Inde pendant le dix-huitième siècle, ou Mémoires de Typoo-Zaeb, sultan du Maissour /
Mención de responsabilidad, etc. écrits par lui-même et traduits de la langue indostane ; publiés par Antoine Fantin-Desodoards...
260 ## - PUBLICACIÓN, DISTRIBUCIÓN, ETC.
Lugar de publicación, distribución, etc. A Paris :
Nombre del editor, distribuidor, etc. chez George Bridel, à l'Imprimerie de l'union ..., et se trouve chez les marchands de nouveautés,
Fecha de publicación, distribución, etc. 1796, n. st. IV.
300 ## - DESCRIPCIÓN FÍSICA
Extensión 2 v. (XVI, 382, [2]; [4], 358, [2] p.) ;
Dimensiones 8º (21 cm)
597 #1 - NOTA DE DESCRIPCIÓN FÍSICA
NOTA DE DESCRIPCIÓN FÍSICA Sign.: a8, A-Aa8; [ ]2, A-Y8, Z4.
597 #1 - NOTA DE DESCRIPCIÓN FÍSICA
NOTA DE DESCRIPCIÓN FÍSICA 28 lín., apostillas marginales y reclamos al final de los cuadernos.
651 #4 - PUNTO DE ACCESO ADICIONAL DE MATERIA--NOMBRE GEOGRÁFICO
Nombre geográfico India-
Subdivisión general Historia-
Subdivisión cronológica S. XVIII.
9 (RLIN) 137218
700 1# - ENTRADA AGREGADA--NOMBRE PERSONAL
Nombre de persona Fantin des Odoards, Antoine (
Fechas asociadas al nombre 1738-1820)
9 (RLIN) 127010
852 ## - LOCALIZACIÓN
Ubicación ES-MaACL
Número de control de estantería R-1184-85
Nota libre -- Enc. hol.
Encuadernación Olim: G-7927-28
-- -- Edic.: Las [2] p. finales de cada tomo están en bl. -- Antep. en ambos tomos
Holdings
Estatus retirado Estado de pérdida Estado de daño No para préstamo Colección Biblioteca de origen Biblioteca actual Ubicación en estantería Fecha de adquisición Total de préstamos Signatura topográfica completa Código de barras Visto por última vez Precio de reemplazo Tipo de ítem Koha
        Libros del s. XVIII Biblioteca del Ateneo de Madrid Biblioteca del Ateneo de Madrid Depósito 17/01/2008   R-1184-85 1174420 23/02/2023 23/02/2023 Libro impreso antiguo